Nachbarländer ohne gleiche Buchstaben - Statistiken

Allgemein
  • Dieses Quiz wurde 74 mal gespielt
  • Das Durchschnittsergebnis liegt bei 5 aus 10
Antwortstatistiken
% Korrekt
Niger
70%
Tschad
67%
Tschad
67%
Kosovo
58%
Libyen
58%
Togo
57%
Albanien
55%
Benin
55%
Bolivien
25%
Paraguay
23%
Keine übereinstimmenden Quizze gefunden
Verteilung der Resultate
Anzahl Personen mit jedem Resultat
Perzentil nach korrekt beantworteten Fragen
Ihre Resultats-Entwicklung
Sie haben dieses Quiz noch nicht gespielt